Spongebob Theme Song Questions - Statistics

General Stats
  • This quiz has been taken 39 times
  • The average score is 8 of 11
Answer Stats
Question Answer % Correct
The fruit we see after we're taken underwater Pineapple
100%
What does the fish in the sixth scene say? "Then drop on the deck, and flop like a fish"
100%
What Spongebob is thrown into during the fourth scene of the theme song Bathtub
92%
In the ninth scene, what instrument does Spongebob play? His nose, duh
92%
In the tenth and final scene, which of the Spongebob staff names appear? Stephen Hillenburg
85%
The owner of the other house we see in the scene mentioned above Squidward
77%
The name of the hand that gives Spongebob his clothes Hans
62%
In the eighth scene of the theme song, does Spongebob jump on his full name, or just his first name? His full name
62%
The painting we see at the beginning of the theme song Painty The Pirate
54%
How many times does Spongebob spin until he's back to his original form? 2
46%
Spongebob is driving four boats in the theme song. Does he wear a pirate hat while driving one of them? Yes
46%
No matching quizzes found
Score Distribution
Percent of People with Each Score
Percentile by Number Answered
Your Score History
You have not taken this quiz